Análisis de vulnerabilidad hidrológica de la carretera interamericana, tramo La Georgina-San Isidro de El General
Salvato in:
| Autore principale: | |
|---|---|
| Natura: | Libro |
| Pubblicazione: |
San José, C.R.
1997
|
| Soggetti: | |
| Tags: |
Aggiungi Tag
Nessun Tag, puoi essere il primo ad aggiungerne!!
|
MARC
| LEADER | 00000nam a2200000Ia 4500 | ||
|---|---|---|---|
| 003 | 008206 | ||
| 005 | 20221231144231.0 | ||
| 008 | 140114s1997 cr a m 000 ||s d | ||
| 040 | |c cru CEDI | ||
| 090 | |a TFG 3666 | ||
| 100 | |a Aguilar Aguilar, Ileana Vanessa |9 9505 | ||
| 245 | |a Análisis de vulnerabilidad hidrológica de la carretera interamericana, tramo La Georgina-San Isidro de El General | ||
| 260 | |c 1997 |a San José, C.R. | ||
| 300 | |a [119] hojas : ilustraciones (algunas a color) | ||
| 500 | |a Proyecto de graduación (licenciatura en ingeniería civil)--Universidad de Costa Rica. Facultad de Ingeniería. Escuela de Ingeniería Civil | ||
| 650 | |x CARRETERA INTERAMERICANA LA GEORGINA-SAN ISIDRO |x SISTEMAS DE INFORMACION GEOGRAFICA |x ESCORRENTIA |9 9506 | ||
| 942 | |c TFG | ||
| 999 | |c 18844 |d 18844 | ||
